| 000 | 00411nam a2200157Ia 4500 | ||
|---|---|---|---|
| 003 | OSt | ||
| 005 | 20230529154224.0 | ||
| 008 | 211028s2008 xx 000 0 und d | ||
| 040 | _cAIMIT LIBRARY | ||
| 041 | _aeng | ||
| 100 |
_aBhavi, Mruthunjay; Vijay, Deborah. _g60471537 _99040 |
||
| 110 |
_aDeborah Vijay _99041 |
||
| 245 | _a3' UTR and 5' UTR prediction. | ||
| 260 |
_aMangalore _c2008 |
||
| 942 |
_2ddc _cPRO |
||
| 999 |
_c220183 _d220183 |
||